2023/2024 Premier League table - Statistics

General Stats
  • This quiz has been taken 47 times
  • The average score is 16 of 20
Answer Stats
Position Club % Correct
1 Manchester City F.C.
100%
2 Arsenal F.C.
97%
4 Aston Villa F.C.
97%
3 Liverpool F.C.
97%
6 Chelsea F.C.
94%
5 Tottenham Hotspur F.C.
94%
8 Manchester United F.C.
89%
7 Newcastle United F.C.
89%
11 Brighton & Hove Albion F.C.
83%
10 Crystal Palace F.C.
80%
18 Luton Town F.C.
80%
9 West Ham United F.C.
80%
19 Burnley F.C.
74%
15 Everton F.C.
74%
13 Fulham F.C
71%
16 Brentford F.C.
69%
14 Wolverhampton Wanderers F.C.
69%
12 A.F.C. Bournemouth
66%
20 Sheffield United F.C.
66%
17 Nottingham Forest F.C.
60%
No matching quizzes found
Score Distribution
Percent of People with Each Score
Percentile by Number Answered
Your Score History
You have not taken this quiz